| 000 | 00390 a2200145 4500 | ||
|---|---|---|---|
| 999 |
_c2035 _d2035 |
||
| 020 | _a9780073376837 | ||
| 050 | _aHD 30.2 BAL 2011 | ||
| 100 | _aBaltzan, Paige | ||
| 245 |
_aInformation systems / _cPaige Baltzan and Amy Phillips |
||
| 264 |
_aNew York _bMcGraw-Hill _c2011 |
||
| 300 | _a355p. | ||
| 500 | _aincludes index | ||
| 650 | _aInformation systems | ||
| 942 |
_2lcc _cBK _h30.2 _iBAL _kHD |
||